000 00843nas a2200253Ia 4500
001 A05/R056-51209
003 IT-MiCISF
005 20250922113553.0
008 161014c99999999xx |||||||||||| ||und||
040 _aIT-MiCISF
_cIT-MiCISF
041 _ait
100 _aGarattini Silvio (et al.)
_962628
245 0 _aPrevenire la non autosufficienza si può?
250 _a"Oggidomani anziani", n. 3
260 _c2011
300 _app. 5-144
500 _anon-autosufficienza, prevenzione, invecchiamento, situazione-demografica, anziani,
501 _ain allegato "Proposta per una legge quadro"
650 _asalute-cura
654 _arivista
700 _aBorsanti S., Cicero S., Quargnolo E., Lepore V., Cavallo F., Aquilano M., Dario P., Carrozza M.C., Corlito G., Panizza G.
_962629
942 _cCR
_2ddc
999 _c236606
_d236606
999 _bSi